Textbook of cardiovascular medicine( Türkçe )/ (Record no. 71405)
| 000 -BAŞLIK | |
|---|---|
| Sabit Uzunluktaki Kontrol Alanı | 01338nam a22003857a 4500 |
| 001 - KONTROL NUMARASI | |
| Control Dosyası | 0070657 |
| 003 - KONTROL NUMARASI KİMLİĞİ | |
| Kontrol Alanı | KOHA_MİRAKIL |
| 005 - EN SON İŞLEM TARİHİ ve ZAMANI | |
| Kontrol Alanı | 20260207004934.0 |
| 007 - FİZİKSEL TANIM SABİT ALAN - GENEL BİLGİ | |
| Sabit uzunluklu kontrol alanı | ta |
| 008 - SABİT UZUNLUKTAKİ VERİ ÖGELERİ - GENEL BİLGİ | |
| Sabit Alan | 240308b2008 tu |||gr||||#0|||0|tur | |
| 020 ## - ISBN - ULUSLARARASI STANDART KİTAP NUMARASI | |
| Isbn | 9789752771871 |
| 020 ## - ISBN - ULUSLARARASI STANDART KİTAP NUMARASI | |
| Isbn | 0781770122 |
| 040 ## - KATALOGLAMA KAYNAĞI | |
| Özgün Kataloglama Kurumu | TR-BiSEU |
| Kataloglama Dili | tur |
| Çeviri Kurumu | TR-BiSEU |
| Açıklama Kuralları | rda |
| 041 0# - DİL KODU | |
| Metin ya da ses kaydının dil kodu | tur |
| 044 ## - YAYINLAYAN/ÜRETEN KURULUŞUN ÜLKE KODU | |
| ISO country code | tu |
| 050 ## - SINIFLAMA ve YER NUMARASI | |
| Sınıflama Numarası | RC667 |
| Yer Numarası | .T49 2008 |
| 245 0# - ESER ADI BİLDİRİMİ | |
| Başlık | Textbook of cardiovascular medicine( Türkçe )/ |
| Sorumluluk Bildirimi | editör Eric J. Topol; yardımcı editörler Robert M. Califf, Eric N. Prystowsky, James D. Thomas, Paul D. Thomas; çeviri editörü Ömer Kozan. |
| 250 ## - BASIM BİLDİRİMİ | |
| Basım Bildirimi | 3. baskı |
| 264 #1 - ÜRERİM, YAYIN, DAĞITIM ve TELİF BİLDİRİMİ | |
| Yayın yeri | Ankara : |
| Yayınlayan | Güneş Tıp Kitabevleri |
| Yayın tarihi | 2008 |
| 300 ## - FİZİKSEL TANIMLAMA | |
| Sayfa, Cilt vb. | XXXV, 1634 sayfa: resimli; 28 cm. |
| 336 ## - İÇERİK TÜRÜ | |
| Content type term | metin |
| Content type code | txt |
| Source | rdacontent |
| 337 ## - MEDYA TÜRÜ | |
| Media type term | aracısız |
| Media type code | n |
| Source | rdamedia |
| 338 ## - TAŞIYICI TÜRÜ | |
| Carrier type term | cilt |
| Carrier type code | nc |
| Source | rdacarrier |
| 500 ## - GENEL NOT | |
| Genel Not | Özgün eser adı: Textbook of cardiovascular medicine. |
| 500 ## - GENEL NOT | |
| Genel Not | Kaynakça bölüm sonlarındadır. |
| 500 ## - GENEL NOT | |
| Genel Not | Dizin var. |
| 650 #0 - KONU BAŞLIĞI EK GİRİŞ - KONU TERİMİ | |
| Konusal terim veya coğrafi ad | Damar hastalıkları--Kardiyovasküler sistem. |
| 9 (RLIN) | 138019 |
| 650 #0 - KONU BAŞLIĞI EK GİRİŞ - KONU TERİMİ | |
| Konusal terim veya coğrafi ad | Kalp damar hastalıkları. |
| 9 (RLIN) | 138020 |
| 650 #0 - KONU BAŞLIĞI EK GİRİŞ - KONU TERİMİ | |
| Konusal terim veya coğrafi ad | Kalpbilim. |
| 9 (RLIN) | 138021 |
| 650 #0 - KONU BAŞLIĞI EK GİRİŞ - KONU TERİMİ | |
| Konusal terim veya coğrafi ad | Vascular diseases--Cardiovascular system. |
| 9 (RLIN) | 138022 |
| 650 #0 - KONU BAŞLIĞI EK GİRİŞ - KONU TERİMİ | |
| Konusal terim veya coğrafi ad | Cardiovascular diseases. |
| 9 (RLIN) | 82801 |
| 650 #0 - KONU BAŞLIĞI EK GİRİŞ - KONU TERİMİ | |
| Konusal terim veya coğrafi ad | Heartology. |
| 9 (RLIN) | 138023 |
| 907 ## - LOCAL DATA ELEMENT G, LDG (RLIN) | |
| a | Tıp |
| 942 ## - EK GİRİŞ ÖGELERİ (KOHA) | |
| Source of classification or shelving scheme | Library of Congress Classification |
| Koha item type | Book |
| Materyal Türü | Kalıcı Konum | Mevcut Konum | Sınıflandırma Kaynağı | Edinim Bilgisi | Ana Konular | Alt Konular | Yer Numarası | Demirbaş Numarası | Fatura Tarihi | Geri Çekilme Durumu | Kayıp Durumu | Hasarlı Durumu | Kredi için değil | Kayıt Tarih | Toplam Ödünçverme | Son Görülme Tarihi | Son Kontrol Tarihi | Genel / Bağış Notu |
|---|---|---|---|---|---|---|---|---|---|---|---|---|---|---|---|---|---|---|
| Book | BŞEÜ Tıp Fakültesi Kütüphanesi | BŞEÜ Tıp Fakültesi Kütüphanesi | Library of Congress Classification | Bağış | TIP | Dahiliye | RC667 .T49 2008 | 0070657 | 02/02/2026 | 08/03/2024 | 17/03/2025 | 17/03/2025 | Genel Bağış |
